| 000 | 00734nam a2200193 a 4500 | ||
|---|---|---|---|
| 001 | 54453 | ||
| 005 | 20180714045300.0 | ||
| 008 | 140415s2010 000 0 eng d | ||
| 020 | _a0132424312 | ||
| 041 | _aeng | ||
| 082 |
_a303.34 _bYUK |
||
| 100 | 1 | _aYUKL, GARY | |
| 245 | 1 | 0 | _aLEADERSHIP IN ORGANIZATIONS |
| 250 | _a7ed. | ||
| 260 |
_a[s.l.] : _bPEARSON EDUCATION, _c2010 |
||
| 300 |
_a628 _c18.5 x 2.6 x 24 |
||
| 520 | _aTHIS BOOK FOCUSES ON EFFECTIVE LEADERSHIP IN ORGANIZATION THROUGH BOTH THEORY AND PRACTICE. EXPLAINS AND CRITIQUES THE MAJOR THEORIES AND STUDIES THE ARE MOST RELEVANT AND INFORMATIVE AND REVIEWSWHAT WE KNOW ABOUT LEADERSHIPS EFFECTIVENESS. | ||
| 650 | 1 | 4 |
_aLIDERAZGO _xTOMA DE DESICIONES |
| 999 |
_c54453 _d54453 |
||